| 000 -LEADER |
| fixed length control field |
00545cam a2200181 a 4500 |
| 020 ## - INTERNATIONAL STANDARD BOOK NUMBER |
| ISBN |
4130680250 : |
| 020 ## - INTERNATIONAL STANDARD BOOK NUMBER |
| ISBN |
0860083829 (U.S.) |
| 040 ## - CATALOGING SOURCE |
| Transcribing agency |
DLC |
| 082 00 - DEWEY DECIMAL CLASSIFICATION NUMBER |
| Classification number |
573 UNI 1985 A032 Or. |
| 100 1# - MAIN ENTRY--AUTHOR NAME |
| Personal name |
Mizoguchi, Yūji, |
| 245 10 - TITLE STATEMENT |
| Title |
Shovelling, a statistical analysis of its morphology / |
| 260 ## - PUBLICATION, DISTRIBUTION, ETC. (IMPRINT) |
| Place of publication |
[Tokyo] : |
| Name of publisher |
University of Tokyo Press, |
| Year of publication |
c1985. |
| 300 ## - PHYSICAL DESCRIPTION |
| Number of Pages |
xiii, 176 p. : |
| Other physical details |
ill. ; |
| Dimensions |
27 cm. |
| 490 1# - SERIES STATEMENT |
| Series statement |
The University Museum, the University of Tokyo, bulletin ; |
| 650 #0 - SUBJECT ADDED ENTRY--TOPICAL TERM |
| Topical Term |
Dental anthropology |
| 650 #0 - SUBJECT ADDED ENTRY--TOPICAL TERM |
| Topical Term |
Incisors |
| 942 ## - ADDED ENTRY ELEMENTS (KOHA) |
| Koha item type |
សៀវភៅភាសាអង់គ្លេស |
| 952 ## - LOCATION AND ITEM INFORMATION (KOHA) |
| Withdrawn status [LOCAL, KOHA] |
0 |